000 00782nam a22002777a 4500
001 BR5800012
003 BR-BrBNA
005 20230928095503.0
007 ta
008 230509b bl.||||| |||| 00| 0 por d
040 _aBR-BrBNA
_bpor
_cBiblioteca Nacional de Agricultura
041 _a(Por)
072 _aS01
_b9000
090 _ 9000 BR5800012
110 1 _aPresidencia da Republica, Brasilia, DF (Brasil). Conselho Coordenador do Abastecimento
_97894
245 1 _aBalanco alimentar do Brasil 1953/1956
260 3 _aBrasilia, DF (Brasil):
_c1958.
300 _a124 p.
500 _aNumerical data
650 _aAlimentacao
650 _aAlimento Animal
650 _aAlimento Vegetal
650 _aConsumo
909 _a202309
_bLucia
_c55
_dLucia Elande
942 _cBK
999 _c56854
_d56854